Personnage Marvel par image - Statistiques

Statistiques générales
  • Ce quiz a été pris 427 fois
    381 depuis la dernière actualisation
  • Le résultat moyen est 44 sur 80
Statistiques - réponses
Par images Réponse % Correct
Tony Star
99%
Captain America/Steve Rogers
98%
Vision
94%
T'Challa/Black Panther
93%
Thor Odinson
93%
Loki Laufeyson
92%
Ant-Man
91%
Groot
91%
Hulk
90%
Natasha Romanoff
90%
Peter Parker/Spider Man
90%
Thanos
90%
Wanda Maximoff
90%
Rocket Raccoon
87%
Bruce Banner
86%
Gamora
85%
Peter Quill/Star Lord
84%
Clint Barton/Hawkeye
82%
Nick Fury
79%
Peter Parker 2/Spider-Man
79%
Sam Wilson
79%
Captain Marvel/Carol Danvers
78%
Ultron
77%
Nebula
76%
Peter Parker 3/Spider-Man
76%
Crane Rouge
73%
Doctor Strange
73%
Drax
73%
Hope Van Dyne/La Guêpe
73%
Bucky Barnes
70%
MJ
70%
Pepper Potts
69%
May Parker
67%
War Machine/James Rhodes
67%
Hela
65%
Mantis
65%
She-Hulk/Jennifer Walker
64%
Ego
63%
Bouffon Vert
62%
Shuri
60%
Pietro Maximoff
54%
Shang-Chi
53%
Yondu
53%
Erik Killmonger
52%
Yelena Belova
52%
Wong
50%
Peggy Carter
48%
Okoye
45%
Agatha Harkness
43%
Maria Hill
43%
Phil Coulson
43%
Valkyrie
43%
Kamala Khan
42%
Morgan Stark
42%
Kate Bishop
39%
Ronan l'Accusateur
37%
Ava Starr
31%
Ikaris
30%
M'Baku
30%
Sylvie Laufeydottir
30%
Thena
30%
Otto Octavius
29%
Cassandra Lang
28%
Cosmo
28%
Echo/Maya Lopez
27%
Janet Van Dyne
25%
Alexei Shostakov
23%
Nakia
23%
Druig
20%
Sersi
20%
Sprite
18%
Phastos
17%
Eros
16%
Arishem
15%
Gilgamesh
15%
Makkari
15%
Ajak
14%
Kingo
13%
W'Kabi
8%
Jiang-Li
1%
Aucun quiz correspondant
Distribution des résultats
% des personnes avec chaque résultat
Percentile par nombre de réponses
Votre historique - résultats
Vous n’avez pas pris ce quiz depuis la dernière actualisation